000 00220 a2200097 4500
001 15809
100 _aArco
245 _aToefl test of engglish as foreign language
260 _aNew York
_bArco
_c
090 _c12359
_d12359
942 _aNUST-CAE
_cM
_c2624
999 _c250882
_d250882